|
|
|
|
| LEADER |
00593nam a22001697a 4500 |
| 020 |
|
|
|a 0-07-116997-5
|
| 082 |
|
|
|a 004
|b HAY/C
|
| 100 |
|
|
|a John P. Hayes
|9 174795
|
| 245 |
|
|
|a Computer Architecture and Organization
|
| 250 |
|
|
|a Ed-3
|
| 260 |
|
|
|a New Delhi
|b McGraw-Hill
|c 1998
|
| 300 |
|
|
|a xiv+604p.
|
| 650 |
|
|
|a Computer architecture
|9 174796
|
| 650 |
|
|
|a Electronic digital computers--Design and construction
|9 174797
|
| 942 |
|
|
|c BK
|
| 999 |
|
|
|c 190134
|d 190130
|
| 952 |
|
|
|0 0
|1 0
|4 0
|6 004_000000000000000_HAY_C
|7 0
|8 NFIC
|9 190718
|a SMBS
|b SMBS
|c GEN
|d 2015-08-06
|l 0
|o 004 HAY/C
|p SMBS2259
|r 2015-08-06
|w 2015-08-06
|y BK
|